000 00551aas a2200205 4500
999 _c3951
_d3951
003 BR-BrBNA
005 20230317233939.0
007 ta
008 230119b bl ||||| |||| 00| 0 por d
035 _a000485-5
040 _aBR-BrBNA
_bPor
_cBR-BrBNA
042 _a006517-X
044 _abl
245 _aAnuário - Observatório do Rio de Janeiro (Brazil)
260 _bImperial Observatório do Rio de Janeiro
_c1885. Data final de publicação em 1889
_eBRJ
310 _aanual
505 _a1885-89 1-5;
909 _a56
_bSergio Santos
_c56
_dSergio Santos
942 _cCR
_2AGRIS